UBT Library

1000 details in landscape architecture : (Record no. 42706)

000 -LEADER
fixed length control field 00972cam a22002897a 4500
001 - CONTROL NUMBER
control field 17549140
005 - DATE AND TIME OF LATEST TRANSACTION
control field 20180215092547.0
008 - FIXED-LENGTH DATA ELEMENTS--GENERAL INFORMATION
fixed length control field 121204s2012 onca 000 0 eng
010 ## - LIBRARY OF CONGRESS CONTROL NUMBER
LC control number 2012474095
016 ## - NATIONAL BIBLIOGRAPHIC AGENCY CONTROL NUMBER
Record control number 20129037087
020 ## - INTERNATIONAL STANDARD BOOK NUMBER
International Standard Book Number 9781770850408
020 ## - INTERNATIONAL STANDARD BOOK NUMBER
International Standard Book Number 1770850406
035 ## - SYSTEM CONTROL NUMBER
System control number (OCoLC)ocn785066591
040 ## - CATALOGING SOURCE
Original cataloging agency NLC
Language of cataloging eng
Transcribing agency NLC
Modifying agency BTCTA
-- YDXCP
-- BDX
-- OCLCO
-- BKX
-- DLC
041 ## - LANGUAGE CODE
Language code of text/sound track or separate title eng
042 ## - AUTHENTICATION CODE
Authentication code lccopycat
055 00 - CLASSIFICATION NUMBERS ASSIGNED IN CANADA
Classification number SB472
Item number O64 2012
080 ## - UNIVERSAL DECIMAL CLASSIFICATION NUMBER
Universal Decimal Classification number 712.0222 ROS
082 04 - DEWEY DECIMAL CLASSIFICATION NUMBER
Classification number 712.0222 ROS
Edition number 23
100 ## - Rafti
Rafti 42
101 ## - Shkurtesa
Shkurtesa ART
245 00 - TITLE STATEMENT
Title 1000 details in landscape architecture :
Statement of responsibility, etc Francesc Zamora Mola, editor.
246 3# - VARYING FORM OF TITLE
Title proper/short title One thousand details in landscape architecture
906 ## - LOCAL DATA ELEMENT F, LDF (RLIN)
a 7
b cbc
c copycat
d 2
e ncip
f 20
g y-gencatlg
942 ## - ADDED ENTRY ELEMENTS (KOHA)
Source of classification or shelving scheme
Item type Books
Holdings
Withdrawn status Lost status Source of classification or shelving scheme Damaged status Not for loan Collection code Permanent location Current location Shelving location Date acquired Total Checkouts Full call number Barcode Date last seen Price effective from Koha item type
          Koleksioni i përgjithshem UBT - Lipjan UBT - Lipjan Koleksioni i përgjithshem 02/15/2018   712.0222 ROS 002-2998844 02/15/2018 02/15/2018 Books
UBT Library © 2015-2024. All rights reserved University Education for Business and Technology